02846nam a2200313Ia 4500008004100000020001800041050002500059110002900084245014300113250001300256260005000269300001600319336001000335337001500345338001200360500002500372505120900397650005301606650006301659650007101722942000701793952011601800952012101916952011802037952012102155952012102276952011802397999001702515120625s2012 mx 000 0 spa d a9786074063721 4aC KGF4624 bM48 20121 aMéxicoe, autor.9151410aFisco agenda 2012 b: compendio de leyes, reglamentos y otras disposiciones conexas sobre la materia : con casos prácticos.c/ México. a43a. ed.3 aMéxico b: Ediciones Fiscales ISEFc, 2012. apag. varia. aTexto aSin medio  aVolumen a"Versión cosida" 1 aSección 1 Abreviaturas Índice temático Ley de Impuesto Sobre la Renta Correlacionada Reglamento de la Ley del Impuesto Sobre la Renta Ley de Impuesto empresarial a tasa única correlacionada Decreto por el que se otorgan diversos beneficios fiscales en materia de los Impuestos Sobre la Renta y enpresarial a tasa única Decreto por el que se otorga beneficios fiscales en materia del Impuesto Sobre la Renta y del impuesto Empresarial a Tasa Única a los contribuyentes que se indican Ley del Impuesto a los depositos en efcetivo correlacionada Sección 2 Ley del Impuesto al Valor Agregado Correlacionada Reglamento de la Ley del Impuesto al Valor Agregado Ley del Impuesto Especial sobre producción y servicios correlacionada Reglamento de la Ley del Impuesto Especial sobre producción y servicios Sección 3 Código Fiscal de la Federación Correlacionado Reglamento del Código Fiscal de la Federación Sección 4 Ley Federal de Procedimiento Contencioso Administratico Ley de Ingresosde la Federación Ley Federal de los Derechos del Contribuyente Ley del Servicio de Administración Tributaria Ley de Ayuda Alimentaria para los Trabajadores Sección 5 Casos prácticos14aIMPUESTOSxLEYES Y LEGISLACIÓNzMÉXICO9151520aIMPUESTO SOBRE LA RENTAxLEYES Y LEGISLACIONzMEXICO9483624aIMPUESTO AL VALOR AGREGADO xLEYES Y LEGISLACIÓNzMÉXICO94854 cLB 00104070a04b04d2012-02-20l64m1oC KGF4624 M48 2012p04 002704r2019-10-17s2019-10-17t1w2012-06-24yLB 00102lcc4070a04b04d2012-02-20l66m2oC KGF4624 M48 2012p04 003902r2016-10-31s2016-10-31t2w2012-06-24yLB 00102lcc4070a04b04d2012-02-20l66oC KGF4624 M48 2012p04 003903r2019-10-17s2019-10-17t3w2012-06-24yLB 00102lcc4070a04b04d2012-02-28l84m3oC KGF4624 M48 2012p04 003940r2016-08-02s2016-08-02t4w2012-06-24yLB 00102lcc4070a04b04d2012-08-27l75m1oC KGF4624 M48 2012p04 002503r2015-03-10s2015-03-09t5w2012-08-27yLB 00102lcc4070a04b04d2012-08-30l86oC KGF4624 M48 2012p04 000370r2016-08-02s2016-08-02t6w2012-08-30yLB c63066d63066